Missing Word: 'Re' A-Z Quiz Stats

Quiz Updated Jul 14, 2016

Challenge
Share
Tweet
Embed
Score 0/26 Timer 04:00
0 Plays Today
Hint Word % Correct
Great Barrier _____Reef
97.7%
Rudolph the Red-Nosed _____Reindeer
95.8%
Tyrannosaurus ___Rex
95.8%
Democratic ________ of the CongoRepublic
94.9%
____ MadridReal
91.1%
Golden ______Retriever
91%
___ SpeedwagonREO
91%
Otis _______Redding
89.2%
Be kind, please _____Rewind
87.5%
______ beansRefried
87.4%
_________ DogsReservoir
85.6%
Dress _________Rehearsal
83.2%
French __________Revolution
80.8%
Hint Word % Correct
The Matrix _________Reloaded
79.8%
______ BookRecipe
76.6%
Boxer _________Rebellion
74.1%
________ the fireRekindle
69.4%
TV _____Reruns
69.2%
_______ MassRequiem
65.4%
The All-American _______Rejects
62.5%
____ MartinRémy
60.8%
Paradise ______Regained
56.5%
_______ News AgencyReuters
52.6%
_______ Mégane‎Renault
46.7%
Point _____Reyes
40.6%
Trent ______Reznor
38%

Today's Daily Dose

Missing 'O' Word in Every Category

On This Day
April 19th II

You're not logged in!

Compare scores with friends on all Sporcle quizzes.
Sign Up with Email
OR
Log In

You Might Also Like...

Show Comments

Extras

Top Quizzes Today


Score Distribution

Your Account Isn't Verified!

In order to create a playlist on Sporcle, you need to verify the email address you used during registration. Go to your Sporcle Settings to finish the process.

Report this User

Report this user for behavior that violates our Community Guidelines.

Details: